00666nam a2200241 a 4500001001300000003000900013005001700022008004100039020001000080082001700090100002600107245002500133260003400158300000900192500003500201505001000236650002500246700002600271902000800297942000700305952009700312999001500409nice12345678IN_TiNIC20260116011537.0050524s1902 boma grp 000 0 per  ac10000a891.51bHAF2 aHafiz, Khwaja Shirazi aGhazaliyat (persian) aBombaybKhursheed Pressc1902 a409p aincludes index and biblioraphy2 aIndex aPersian Poetry-Hafiz1 aHafiz, Khwaja Shirazi bSRS cBK 00104070aHMIbHMId2007-06-01g100.00l0o891.51 HAF2p4496r2007-06-01w2026-01-16yARB c2493d2493